Δημόσιες σχέσεις : η λειτουργία της επικοινωνίας στους σύγχρονους οργανισμούς
Saved in:
| Main Author: | |
|---|---|
| Other Authors: | |
| Format: | Book |
| Language: | Greek |
| Published: |
Αθήνα :
Μπένος Ε.,
2014.
|
| Edition: | [3η έκδ.] |
| Subjects: | |
| Tags: |
Add Tag
No Tags, Be the first to tag this record!
|
MARC
| LEADER | 00000nam a2200000 a 4500 | ||
|---|---|---|---|
| 001 | 1/114643 | ||
| 008 | 170818s2014####gr | ||| |||| ||gre|| | ||
| 020 | |a 9789603591122 | ||
| 040 | |a GR-MyUa |b gre |c GR-MyUa |e AACR2 | ||
| 041 | 0 | |a gre | |
| 082 | 7 | |a 659.2 |2 (23) | |
| 100 | 1 | |a Παπαλεξανδρή, Νάνσυ Α. | |
| 245 | 1 | 0 | |a Δημόσιες σχέσεις : |b η λειτουργία της επικοινωνίας στους σύγχρονους οργανισμούς / |c Νάνσυ Α. Παπαλεξανδρή, Δημήτρης Δ. Λυμπερόπουλος. |
| 250 | |a [3η έκδ.] | ||
| 260 | |a Αθήνα : |b Μπένος Ε., |c 2014. | ||
| 300 | |a 384 σ. ; |c 24 εκ. | ||
| 504 | |a Περιλαμβάνει βιβλιογραφία. | ||
| 650 | 0 | |a Public relations | |
| 700 | 1 | |a Λυμπερόπουλος, Δημήτρης Δ. | |
| 852 | |a INST |b LESVOS |c EUDOXUS |e 20170818 |h 659.2 ΠΑΠ |p 005100059718 |q 005100059718 |t EDX |y 0 | ||
| 920 | |a Εύδοξος |b Παραγγελία |y Λέσβος-ΤΠ |z 2017-05 | ||